Economics : Principles and practices

সংরক্ষণ করুন:
গ্রন্থ-পঞ্জীর বিবরন
প্রধান লেখক: Clayton, Gary E.
বিন্যাস: গ্রন্থ
ভাষা:Undetermined
প্রকাশিত: New York McGraw-Hill 2001
বিষয়গুলি:
ট্যাগগুলো: ট্যাগ যুক্ত করুন
কোনো ট্যাগ নেই, প্রথমজন হিসাবে ট্যাগ করুন!
Thư viện lưu trữ: Trung tâm Học liệu Trường Đại học Cần Thơ
LEADER 00491nam a2200193Ia 4500
001 CTU_109629
008 210402s9999 xx 000 0 und d
082 |a 330 
082 |b C619 
100 |a Clayton, Gary E. 
245 0 |a Economics : 
245 0 |b Principles and practices 
245 0 |c Gary E. Clayton 
260 |a New York 
260 |b McGraw-Hill 
260 |c 2001 
650 |a Economics 
904 |i Năm, Q. Hieu 
980 |a Trung tâm Học liệu Trường Đại học Cần Thơ